00692nam a2200181Ia 4500008004100000020001800041041000800059082002000067100002000087245007800107260003700185300000800222365001600230700002000246906005200266999001900318952017300337230718s9999 xx 000 0 und d a9781316617991 aeng a620.001535bBAS aBaskharone E.A. aFinite Element Method With Heat Transfer And Fluid Mechanics Applications c2014bCambridge University Press a373 cRs.b850.00 aBaskharone E.A. dO:0513227-Jun-2016B:174821-Jun-2016cMECHb1989 c342255d342255 00104070aCCEPbCCEPd2016-06-27eTechnical Book ServicesfMECHg629.00i1748l0o620.001535pCCEP-BK-53462r2023-07-18 00:00:00t1989v850.00w2016-06-21yBKz053462